000
00258nam a22001217a 4500
041
_a
ENG
100
_a
Kumar .S
245
_a
Treasure Of r.c.c Designs
260
_a
Delhi
_b
Standard Book House
_c
2009
300
_a
1284
650
_a
FS
856
_u
FS ( 8 )
999
_c
868
_d
868